| 000 | 00716nam a2200229 a 4500 | ||
|---|---|---|---|
| 005 | 20240507063730.0 | ||
| 008 | 020930s1995 mx r 000 0 spa d | ||
| 020 | _a8478691987 | ||
| 035 | _aUPN01000119779 | ||
| 049 | _aCG | ||
| 050 | 4 |
_aRJ496 S7 _bS5.5 1994 |
|
| 111 | 2 |
_aSimposio de Logopedia _n(4o : _d1994 : _cMadrid) |
|
| 245 | 1 | 0 |
_aEnseñar a hablar / _ced. Marc Monfort. |
| 260 |
_aMadrid : _bCEPE, _c[1995]. |
||
| 300 |
_a455 p. : _bil. |
||
| 440 | 0 |
_aEducación especial y dificultades de aprendizaje ; _v11 |
|
| 650 | 4 |
_aTrastornos del habla en niños _95574 |
|
| 650 | 4 |
_aLOGOPEDIA - _vCONGRESOS _910735 |
|
| 650 | 4 |
_aEducación especial _93029 |
|
| 700 | 1 |
_aMonfort, Marc, _eed. _929360 |
|
| 905 | _aLibro | ||
| 999 |
_c92129 _d92129 |
||